Biorefinery (Record no. 18312)

MARC details
000 -LEADER
fixed length control field 01298nam a2200133Ia 4500
008 - FIXED-LENGTH DATA ELEMENTS--GENERAL INFORMATION
fixed length control field 220615s9999||||xx |||||||||||||| ||und||
020 ## - INTERNATIONAL STANDARD BOOK NUMBER
International Standard Book Number 9783040000000
245 #0 - TITLE STATEMENT
Title Biorefinery
Remainder of title Current Status, Challenges, and New Strategies
546 ## - LANGUAGE NOTE
Language note English[eng]
650 ## - SUBJECT ADDED ENTRY--TOPICAL TERM
Topical term or geographic name entry element Biomass||two-step pretreatment||steam explosion||organosolv treatment||empty fruit bunch||pinewood||green pretreatment||enzymatic hydrolysis||lignin structural features||poplar||FTIR||contaminants||by-products||lignin valorization||lignin applications||3D printing||electrochemical material||medical application||drying effect||cellulose||hornification||porosity||bioethanol||economic analysis||hand sanitiser||oil palm empty fruit bunch (OPEFB)||simultaneous saccharification and fermentation||SuperPro Designer®||renewable fuel||high-density fuel||α-pinene dimerization||turpentine||stannic chloride molten salt hydrates||xylooligosaccharides||autohydrolysis||sweet sorghum bagasse||isobutanol||biorefinery||metabolic engineering||biomass utilization||aqueous biphasic system||dilute acid hydrolysate||furfural production||solvent extraction||response surface methodology||biomass fractionation||bioproducts
700 ## - ADDED ENTRY--PERSONAL NAME
Personal name Yoo, Chang Geun||Kim, Kwang Ho
856 ## - ELECTRONIC LOCATION AND ACCESS
Uniform Resource Identifier <a href="https://mdpi.com/books/pdfview/book/3974">https://mdpi.com/books/pdfview/book/3974</a>
942 ## - ADDED ENTRY ELEMENTS (KOHA)
Koha item type E-Books
Holdings
Withdrawn status Lost status Damaged status Not for loan Home library Current library Date acquired Total Checkouts Date last seen Price effective from Koha item type
        Kerala University of Digital Sciences, Innovation and Technology Knowledge Centre Kerala University of Digital Sciences, Innovation and Technology Knowledge Centre 15/06/2022   15/06/2022 15/06/2022 E-Books